Statistiken für Top-10-Singles von Sia

Klicken Sie hier um das Quiz zu spielen!

Allgemein

  • Dieses Quiz wurde 43 mal gespielt
    (39 seit der letzten Aktualisierung)
  • Das Durchschnittsergebnis liegt bei 4 aus 9

Antwortstatistiken

JahrAlbumTitel% Korrekt
20141000 Forms of FearChandelier
88%
2016This Is ActingCheap Thrills
76%
2011Nothing But The Beat (David Guetta)Titanium
74%
2011Wild Ones (Flo Rida)Wild Ones
53%
2016This Is Acting (Deluxe-Version)The Greatest
44%
2012Nothing But The Beat 2.0 (David Guetta)She Wolf (Falling To Pieces)
32%
2018Flames
24%
2017---Dusk Till Dawn
18%
2016Lion (Original Soundtrack)Never Give Up
15%

Verteilung der Resultate

Perzentil nach korrekt beantworteten Fragen

Anzahl Personen mit jedem Resultat

Ihre Resultats-Entwicklung

Sie haben dieses Quiz seit der letzten Aktualisierung nicht gespielt